[Event "SVK Extraliga 2019-20"]
[Site "Slovakia"]
[Date "2019.10.20"]
[Round "2.8"]
[White "Szucs, Vladimir"]
[Black "Pcola, Jaroslav"]
[Result "1/2-1/2"]
[WhiteElo "2158"]
[BlackElo "2082"]
[Annotator "ChessBase"]
[PlyCount "73"]
[EventDate "2019.10.19"]
[EventType "team-tourn"]
[EventCountry "SVK"]
[SourceTitle "playchess.com"]
[Source "ChessBase"]
[SourceQuality "1"]
[WhiteTeam "Podhajska"]
[TimeControl "40/5400+30:1800+30"]

1. Nf3 {[%emt 0:00:00]} Nf6 {[%emt 0:02:53]} 2. c4 {[%emt 0:00:27]} c5 {[%emt 0:00:57]} 3. Nc3 {[%emt 0:00:50]} Nc6 {[%emt 0:01:07]} 4. d4 {[%emt 0:00:27]} cxd4 {[%emt 0:01:32]} 5. Nxd4 {[%emt 0:00:28]} g6 {[%emt 0:02:59]} 6. e4 {[%emt 0:00:45]} d6 {[%emt 0:05:07]} 7. Be2 {[%emt 0:00:42]} Bg7 {[%emt 0:03:04]} 8. Be3 {[%emt 0:00:39]} O-O {[%emt 0:02:18]} 9. O-O {[%emt 0:00:21]} Bd7 {[%emt 0:04:07]} 10. Qd2 {[%emt 0:00:45]} Nxd4 {[%emt 0:01:47]} 11. Bxd4 {[%emt 0:00:12]} Bc6 {[%emt 0:01:17]} 12. f3 {[%emt 0:00:26]} Qa5 {[%emt 0:02:20]} 13. Rab1 {[%emt 0:08:36]} Rfc8 {[%emt 0:02:51]} 14. Rfd1 {[%emt 0:10:46]} Qd8 {[%emt 0:02:18]} 15. b4 {[%emt 0:14:15]} b6 {[%emt 0:03:21]} 16. Rbc1 {[%emt 0:05:37]} Qf8 {[%emt 0:02:27]} 17. Be3 {[%emt 0:01:44]} h5 {[%emt 0:00:23]} 18. Rc2 {[%emt 0:01:36]} Kh7 {[%emt 0:09:45]} 19. Rdc1 {[%emt 0:01:54]} Nd7 {[%emt 0:08:43]} 20. g3 {[%emt 0:08:07]} Bb7 {[%emt 0:02:44]} 21. Nd5 {[%emt 0:01:59]} Bc6 {[%emt 0:08:38]} 22. Bg5 {[%emt 0:05:18]} e6 {[%emt 0:15:39]} 23. Nc3 {[%emt 0:07:39]} f5 {[%emt 0:01:33]} 24. exf5 {[%emt 0:04:00]} Qxf5 {[%emt 0:01:04]} 25. f4 {[%emt 0:01:43]} e5 {[%emt 0:06:37]} 26. Nd5 {[%emt 0:05:09]} exf4 27. Bxf4 {[%emt 0:05:24]} Ne5 {[%emt 0:04:52]} 28. Rf1 {[%emt 0:05:18]} Qe4 {[%emt 0:02:24]} 29. Bxe5 Qxe5 {[%emt 0:00:21]} 30. Bf3 {[%emt 0:03:45]} Rf8 {[%emt 0:00:27]} 31. Qd3 {[%emt 0:01:56]} Rae8 {[%emt 0:01:02]} 32. Kg2 {[%emt 0:03:10]} Qd4 33. Qxd4 {[%emt 0:00:27]} Bxd4 {[%emt 0:00:46]} 34. Re2 {[%emt 0:00:45]} Rxe2+ {[%emt 0:00:15]} 35. Bxe2 {[%emt 0:00:04]} Rxf1 {[%emt 0:00:51]} 36. Kxf1 {[%emt 0:00:17]} Bxd5 37. cxd5 {[%emt 0:00:04]} 1/2-1/2

[Event "SVK Extraliga 2019-20"]
[Site "Slovakia"]
[Date "2019.10.20"]
[Round "2.8"]
[White "Magat, Jozef"]
[Black "Kusiak, Matej"]
[Result "1-0"]
[WhiteElo "2103"]
[BlackElo "2256"]
[Annotator "NA"]
[PlyCount "111"]
[EventDate "2019.10.19"]
[EventType "team-tourn"]
[EventCountry "SVK"]
[SourceTitle "playchess.com"]
[Source "ChessBase"]
[SourceQuality "1"]
[WhiteTeam "Dunajov"]
[BlackTeam "Prakovce"]
[TimeControl "40/5400+30:1800+30"]

1. d4 {[%emt 0:00:00]} e6 {[%emt 0:00:00]} 2. e4 {[%emt 0:01:34]} d5 {[%emt 0:00:00]} 3. exd5 {[%emt 0:01:17]} exd5 {[%emt 0:00:00]} 4. Bd3 {[%emt 0:00:24]} Nc6 {[%emt 0:00:24]} 5. c3 {[%emt 0:00:32]} Bd6 {[%emt 0:00:11]} 6. Nf3 {[%emt 0:00:15]} Nge7 {[%emt 0:00:09]} 7. Bg5 {[%emt 0:00:30]} Bg4 {[%emt 0:00:29]} 8. Nbd2 {[%emt 0:00:54] C01: French: Exchange Variation} Qd7 {[%emt 0:00:35]} 9. Qc2 {[%emt 0:01:11]} Bf5 {[%emt 0:02:16]} 10. O-O-O {[%emt 0:03:14]} (10. O-O Bxd3 11. Qxd3 O-O 12. Rfe1 Rfe8 13. Bh4 Qf5 14. Qxf5 Nxf5 15. Bg3 f6 {½-½ (52) Salgado Lopez,I (2616)-Vallejo Pons,F (2686) Madrid 2015}) 10... f6 {[%emt 0:01:03]} 11. Bh4 {[%emt 0:00:57]} Bxd3 {[%emt 0:10:27]} 12. Qxd3 {[%emt 0:03:17]} Qf5 {[%emt 0:02:47]} 13. Qxf5 {[%emt 0:01:22]} Nxf5 {[%emt 0:00:06]} 14. Rde1+ {[%emt 0:01:14]} Kd7 $146 {[%emt 0:00:09]} ({Predecessor:} 14... Kf7 15. Bg3 Nxg3 16. hxg3 {1-0 (50) Piqueras Mateo,P (1990)-Gonzalez Garcia,M (2075) Spain 1999}) 15. Bg3 {[%emt 0:00:19]} a5 {[%emt 0:01:06]} 16. Bxd6 {[%emt 0:02:40]} Nxd6 {[%emt 0:00:07]} 17. h4 {[%emt 0:02:54]} b5 {[%emt 0:00:12]} 18. Nb3 {[%emt 0:06:02]} Ne4 {[%emt 0:00:40] [#]} (18... Nb7 $11 {remains equal.}) 19. Nfd2 $1 {[%emt 0:02:59]} Nxf2 {[%emt 0:06:24]} 20. Nc5+ {[%emt 0:00:17]} Kc8 {[%emt 0:00:04]} 21. Rhf1 {[%emt 0:01:15]} Ng4 {[%emt 0:00:06]} 22. Re6 {[%emt 0:01:44]} Nd8 {[%emt 0:00:40]} 23. Re7 {[%emt 0:02:14]} g6 {[%emt 0:08:08]} 24. Rfe1 {[%emt 0:07:59]} f5 {[%emt 0:14:20]} 25. Rg7 {[%emt 0:07:26]} Nf6 {[%emt 0:21:31]} 26. Ree7 {[%emt 0:05:39]} Ne8 {[%emt 0:00:09]} 27. Rxh7 {[%emt 0:00:57]} Rg8 {[%emt 0:00:15]} 28. Nf3 {[%emt 0:01:27]} Nc6 {[%emt 0:04:24]} 29. Ref7 {[%emt 0:12:02]} Nd8 $18 {[%emt 0:00:09]} 30. Rd7 {[%emt 0:02:08]} Ra7 {[%emt 0:01:37]} 31. Ne5 {[%emt 0:07:42]} Nf6 {[%emt 0:01:55]} 32. Rhg7 {[%emt 0:11:02]} Nxd7 {[%emt 0:03:38]} 33. Rxg8 {[%emt 0:00:30]} Nxe5 {[%emt 0:00:13]} 34. dxe5 {[%emt 0:00:13]} c6 {[%emt 0:00:12]} 35. Ne6 {[%emt 0:05:58]} Rd7 {[%emt 0:00:05]} 36. Nxd8 {[%emt 0:00:37]} Rxd8 {[%emt 0:00:06]} 37. Rxg6 {[%emt 0:00:04]} Kc7 {[%emt 0:00:15]} 38. h5 {[%emt 0:01:03]} Re8 {[%emt 0:02:14]} 39. e6 {[%emt 0:01:23]} Kd6 {[%emt 0:00:13]} 40. h6 {[%emt 0:00:46]} Rh8 {[%emt 0:03:15]} 41. g3 {[%emt 0:33:12]} Rh7 {[%emt 0:32:01]} 42. e7+ {[%emt 0:00:00]} Kxe7 {[%emt 0:00:00]} 43. Rxc6 {[%emt 0:00:00]} Kf7 {[%emt 0:00:00]} 44. Kd2 {[%emt 0:00:00]} Rh8 {[%emt 0:00:00]} 45. Ke3 {[%emt 0:00:00]} Rg8 {[%emt 0:00:00]} 46. Kf4 {[%emt 0:00:00]} Rd8 {[%emt 0:00:00]} 47. Kxf5 {[%emt 0:00:00]} b4 {[%emt 0:00:00]} 48. g4 {[%emt 0:00:00]} bxc3 {[%emt 0:00:00]} 49. bxc3 {[%emt 0:00:00]} d4 {[%emt 0:00:00]} 50. Rc7+ {[%emt 0:00:00]} Kg8 {[%emt 0:00:00]} 51. cxd4 {[%emt 0:00:00]} Rxd4 {[%emt 0:00:00]} 52. g5 {[%emt 0:00:00]} Rd5+ {[%emt 0:00:00]} 53. Kg6 {[%emt 0:00:00]} Rd6+ {[%emt 0:00:00]} 54. Kh5 {[%emt 0:00:00]} Rd5 {[%emt 0:00:00]} 55. h7+ {[%emt 0:00:10]} Kh8 {[%emt 0:00:00]} 56. Kh6 {[%emt 0:00:25]} 1-0

[Event "SVK Extraliga 2019-20"]
[Site "Slovakia"]
[Date "2019.11.23"]
[Round "3"]
[White "Markos, Jan"]
[Black "Pechac, Jergus"]
[Result "1-0"]
[WhiteElo "2571"]
[BlackElo "2482"]
[Annotator "ChessBase"]
[PlyCount "55"]
[EventDate "2019.10.19"]
[EventType "team-tourn"]
[EventCountry "SVK"]
[SourceTitle "playchess.com"]
[Source "ChessBase"]
[SourceQuality "1"]
[WhiteTeam "Snina"]
[BlackTeam "Zilina"]
[TimeControl "40/5400+30:1800+30"]

1. d4 {[%emt 0:00:00]} Nf6 {[%emt 0:00:00]} 2. c4 {[%emt 0:00:00]} g6 {[%emt 0:00:00]} 3. Nc3 {[%emt 0:00:43]} Bg7 {[%emt 0:00:00]} 4. e4 {[%emt 0:00:15]} O-O {[%emt 0:00:00]} 5. Nf3 {[%emt 0:02:03]} d6 {[%emt 0:00:07]} 6. Be2 {[%emt 0:01:41]} e5 {[%emt 0:00:07]} 7. d5 {[%emt 0:00:22]} a5 {[%emt 0:00:06]} 8. Bg5 {[%emt 0:00:14]} Na6 {[%emt 0:00:28]} 9. O-O {[%emt 0:00:10]} h6 {[%emt 0:01:24]} 10. Bh4 {[%emt 0:01:02]} Qe8 {[%emt 0:01:24]} 11. Nd2 {[%emt 0:00:33]} Bd7 {[%emt 0:01:51]} 12. b3 {[%emt 0:01:43]} Nh7 {[%emt 0:00:27]} 13. a3 {[%emt 0:00:22]} h5 {[%emt 0:00:17]} 14. f3 {[%emt 0:00:07]} Bh6 {[%emt 0:00:31]} 15. Rb1 {[%emt 0:00:20]} Be3+ {[%emt 0:00:44]} 16. Bf2 {[%emt 0:00:06]} Bd4 {[%emt 0:06:39]} 17. Bxd4 {[%emt 0:11:11]} exd4 {[%emt 0:00:05]} 18. Nb5 {[%emt 0:00:05]} Bxb5 {[%emt 0:01:26]} 19. cxb5 {[%emt 0:00:24]} Nc5 {[%emt 0:00:07]} 20. Nc4 {[%emt 0:01:42]} d3 {[%emt 0:08:58]} 21. Bxd3 {[%emt 0:00:11]} Nxd3 {[%emt 0:00:37]} 22. Qxd3 {[%emt 0:00:07]} Qxb5 {[%emt 0:00:06]} 23. Qd4 {[%emt 0:04:06]} b6 {[%emt 0:01:35]} 24. Rfc1 {[%emt 0:14:11]} Qc5 {[%emt 0:00:19]} 25. Qf2 {[%emt 0:08:49]} Ra7 {[%emt 0:04:14]} 26. Ne3 {[%emt 0:02:33]} Qxa3 {[%emt 0:01:24]} 27. Nc2 {[%emt 0:01:40]} Qa2 {[%emt 0:00:08]} 28. Qd4 {[%emt 0:01:29]} 1-0

[Event "SVK Extraliga 2019-20"]
[Site "Slovakia"]
[Date "2019.11.23"]
[Round "3"]
[White "Kociscak, Jiri"]
[Black "Mrva, Martin"]
[Result "1-0"]
[WhiteElo "2510"]
[BlackElo "2402"]
[Annotator "ChessBase"]
[PlyCount "83"]
[EventDate "2019.10.19"]
[EventType "team-tourn"]
[EventCountry "SVK"]
[SourceTitle "playchess.com"]
[Source "ChessBase"]
[SourceQuality "1"]
[WhiteTeam "Zilina"]
[BlackTeam "Snina"]
[TimeControl "40/5400+30:1800+30"]

1. d4 {[%emt 0:01:11]} d6 {[%emt 0:00:37]} 2. c4 {[%emt 0:00:07]} Nc6 {[%emt 0:00:43]} 3. Nc3 {[%emt 0:01:09]} e5 {[%emt 0:00:56]} 4. d5 {[%emt 0:00:06]} Nce7 {[%emt 0:02:25]} 5. e4 {[%emt 0:00:08]} h5 {[%emt 0:07:25]} 6. Nf3 {[%emt 0:10:24]} Nh6 {[%emt 0:06:08]} 7. c5 {[%emt 0:00:17]} a6 {[%emt 0:06:20]} 8. h3 {[%emt 0:04:49]} Ng6 {[%emt 0:03:09]} 9. Qa4+ {[%emt 0:04:33]} Bd7 {[%emt 0:10:05]} 10. c6 {[%emt 0:00:07]} bxc6 {[%emt 0:00:04]} 11. dxc6 {[%emt 0:00:04]} Be6 {[%emt 0:00:07]} 12. Ng5 {[%emt 0:06:59]} Be7 {[%emt 0:04:31]} 13. Nxe6 {[%emt 0:00:25]} fxe6 {[%emt 0:00:06]} 14. Be2 {[%emt 0:01:36]} Ng8 {[%emt 0:05:19]} 15. Bc4 {[%emt 0:04:17]} Nf8 {[%emt 0:09:22]} 16. O-O {[%emt 0:01:58]} g5 {[%emt 0:07:12]} 17. Qd1 {[%emt 0:04:43]} Bf6 {[%emt 0:02:39]} 18. Be2 {[%emt 0:02:43]} g4 {[%emt 0:00:22]} 19. hxg4 {[%emt 0:00:33]} hxg4 {[%emt 0:01:22]} 20. Bxg4 {[%emt 0:00:26]} Qe7 {[%emt 0:00:10]} 21. Bh3 {[%emt 0:10:56]} Qg7 {[%emt 0:00:46]} 22. Qg4 {[%emt 0:00:19]} Qxg4 {[%emt 0:01:03]} 23. Bxg4 {[%emt 0:00:05]} Ne7 {[%emt 0:00:08]} 24. Bd1 {[%emt 0:01:34]} Nfg6 {[%emt 0:02:51]} 25. Be3 {[%emt 0:15:25]} Kf7 {[%emt 0:01:34]} 26. Ne2 {[%emt 0:02:02]} Rh7 {[%emt 0:04:25]} 27. Bb3 {[%emt 0:04:15]} Rah8 {[%emt 0:07:22]} 28. g3 {[%emt 0:06:50]} Nxc6 {[%emt 0:08:14]} 29. Rfc1 {[%emt 0:01:14]} Nd4 {[%emt 0:00:46]} 30. Bxd4 {[%emt 0:00:10]} exd4 {[%emt 0:00:10]} 31. Rxc7+ {[%emt 0:00:05]} Be7 {[%emt 0:00:33]} 32. Kf1 {[%emt 0:02:22]} Ne5 {[%emt 0:00:32]} 33. Ng1 {[%emt 0:02:41]} Rh1 {[%emt 0:01:31]} 34. Ke2 {[%emt 0:01:51]} R8h2 {[%emt 0:01:28]} 35. Rd1 {[%emt 0:06:47]} d3+ {[%emt 0:01:37]} 36. Ke3 {[%emt 0:00:20]} Ng4+ {[%emt 0:00:07]} 37. Kf3 {[%emt 0:01:14]} Nxf2 {[%emt 0:00:27]} 38. Rf1 {[%emt 0:01:34]} d5 {[%emt 0:04:53]} 39. exd5 {[%emt 0:01:07]} Kf6 {[%emt 0:00:32]} 40. Rxf2 {[%emt 0:00:34]} Rxf2+ {[%emt 0:01:04]} 41. Kxf2 {[%emt 0:30:09]} exd5 {[%emt 0:30:40]} 42. Kg2 {[%emt 0:00:57]} 1-0

[Event "SVK Extraliga 2019-20"]
[Site "Slovakia"]
[Date "2019.11.23"]
[Round "3"]
[White "Druska, Juraj"]
[Black "Mrvova, Alena"]
[Result "1-0"]
[WhiteElo "2495"]
[BlackElo "2165"]
[Annotator "ChessBase"]
[PlyCount "143"]
[EventDate "2019.10.19"]
[EventType "team-tourn"]
[EventCountry "SVK"]
[SourceTitle "playchess.com"]
[Source "ChessBase"]
[SourceQuality "1"]
[WhiteTeam "Zilina"]
[BlackTeam "Snina"]
[TimeControl "40/5400+30:1800+30"]

1. e4 {[%emt 0:00:00]} c5 {[%emt 0:00:00]} 2. Nf3 {[%emt 0:00:00]} Nc6 {[%emt 0:00:52]} 3. d4 {[%emt 0:00:11]} cxd4 {[%emt 0:00:42]} 4. Nxd4 {[%emt 0:00:08]} g6 {[%emt 0:02:34]} 5. c4 {[%emt 0:01:17]} Bg7 {[%emt 0:00:32]} 6. Be3 {[%emt 0:00:08]} Nf6 {[%emt 0:01:46]} 7. Nc3 {[%emt 0:00:15]} Qa5 {[%emt 0:00:58]} 8. Nb3 {[%emt 0:05:55]} Qc7 {[%emt 0:03:59]} 9. Rc1 {[%emt 0:01:10]} O-O {[%emt 0:02:46]} 10. Be2 {[%emt 0:01:46]} b6 {[%emt 0:07:23]} 11. O-O {[%emt 0:01:43]} Qb8 {[%emt 0:12:53]} 12. Qd2 {[%emt 0:04:32]} Ne5 {[%emt 0:04:05]} 13. f3 {[%emt 0:20:51]} d6 {[%emt 0:07:18]} 14. Nd4 {[%emt 0:02:33]} Re8 {[%emt 0:01:29]} 15. Rfd1 {[%emt 0:14:44]} Bb7 {[%emt 0:07:00]} 16. Bf1 {[%emt 0:03:16]} Nfd7 {[%emt 0:03:58]} 17. Nd5 {[%emt 0:11:02]} e6 {[%emt 0:03:05]} 18. Nc3 {[%emt 0:00:49]} a6 {[%emt 0:02:13]} 19. Nc2 {[%emt 0:10:17]} Bf8 {[%emt 0:02:09]} 20. Bh6 {[%emt 0:01:09]} Be7 {[%emt 0:01:25]} 21. Bg5 {[%emt 0:00:28]} Bf8 {[%emt 0:00:45]} 22. f4 {[%emt 0:03:01]} Ng4 {[%emt 0:03:21]} 23. Qe2 {[%emt 0:04:38]} h5 {[%emt 0:02:40]} 24. h3 {[%emt 0:06:03]} Ngf6 {[%emt 0:00:49]} 25. Nd4 {[%emt 0:01:32]} Qc7 {[%emt 0:03:10]} 26. Nf3 {[%emt 0:01:02]} Nh7 {[%emt 0:00:50]} 27. Bh4 {[%emt 0:00:24]} Rac8 {[%emt 0:01:41]} 28. Kh1 {[%emt 0:01:18]} Nc5 {[%emt 0:02:38]} 29. b4 {[%emt 0:01:45]} Nd7 {[%emt 0:00:07]} 30. a3 {[%emt 0:00:28]} Qb8 {[%emt 0:01:39]} 31. e5 {[%emt 0:00:59]} Qc7 {[%emt 0:03:52]} 32. Ne4 {[%emt 0:00:01]} dxe5 {[%emt 0:01:40]} 33. fxe5 {[%emt 0:00:01]} Bxe4 {[%emt 0:02:03]} 34. Qxe4 {[%emt 0:00:01]} Bh6 {[%emt 0:01:47]} 35. Rc3 {[%emt 0:00:11]} Bg7 {[%emt 0:00:23]} 36. Re3 {[%emt 0:00:54]} Nb8 {[%emt 0:00:34]} 37. Be2 {[%emt 0:03:03]} Nc6 {[%emt 0:00:28]} 38. Bf1 {[%emt 0:00:01]} Ne7 {[%emt 0:00:12]} 39. Red3 {[%emt 0:00:07]} Nf8 {[%emt 0:03:13]} 40. R3d2 {[%emt 0:01:32]} Nf5 {[%emt 0:01:24]} 41. Rd6 {[%emt 0:12:16]} Bh6 {[%emt 0:08:42]} 42. Bf2 {[%emt 0:00:06]} Be3 {[%emt 0:00:44]} 43. Kg1 {[%emt 0:00:58]} Bxf2+ {[%emt 0:00:39]} 44. Kxf2 {[%emt 0:00:02]} Nxd6 {[%emt 0:03:36]} 45. exd6 {[%emt 0:00:07]} Qd8 {[%emt 0:00:03]} 46. c5 {[%emt 0:07:45]} bxc5 {[%emt 0:02:40]} 47. Bxa6 {[%emt 0:00:07]} cxb4 {[%emt 0:10:40]} 48. Bxc8 {[%emt 0:00:08]} Qxc8 {[%emt 0:00:21]} 49. axb4 {[%emt 0:01:50]} Rd8 {[%emt 0:00:27]} 50. Ne5 {[%emt 0:01:34]} Kg7 {[%emt 0:04:15]} 51. Kg1 {[%emt 0:08:54]} Qa6 {[%emt 0:07:27]} 52. Nc6 {[%emt 0:01:49]} Qb6+ {[%emt 0:02:02]} 53. Kh1 {[%emt 0:00:15]} Rc8 {[%emt 0:02:03]} 54. Ne5 {[%emt 0:01:21]} Rd8 {[%emt 0:00:53]} 55. Nc6 {[%emt 0:00:10]} Rc8 {[%emt 0:00:03]} 56. Ne5 {[%emt 0:00:41]} Rd8 {[%emt 0:00:05]} 57. Nc6 {[%emt 0:00:35]} Rc8 {[%emt 0:00:07]} 58. b5 {[%emt 0:00:17]} Nd7 {[%emt 0:01:54]} 59. Qa4 {[%emt 0:00:37]} e5 {[%emt 0:00:41]} 60. Qc4 {[%emt 0:00:25]} Rf8 {[%emt 0:00:59]} 61. Qd5 {[%emt 0:00:43]} Re8 {[%emt 0:00:23]} 62. Rf1 {[%emt 0:00:15]} Re6 {[%emt 0:00:19]} 63. Ra1 {[%emt 0:00:40]} Qf2 {[%emt 0:00:28]} 64. Rd1 {[%emt 0:00:22]} Qf6 {[%emt 0:00:29]} 65. Nb4 {[%emt 0:00:39]} Qd8 {[%emt 0:00:52]} 66. Qc6 {[%emt 0:00:24]} Nb8 {[%emt 0:00:06]} 67. Qc7 {[%emt 0:00:10]} Qf8 {[%emt 0:00:15]} 68. Nc6 {[%emt 0:00:13]} Re8 {[%emt 0:00:39]} 69. d7 {[%emt 0:00:10]} Nxd7 {[%emt 0:00:10]} 70. Qxd7 {[%emt 0:00:07]} Re6 {[%emt 0:00:12]} 71. b6 {[%emt 0:00:26]} Qc5 {[%emt 0:00:03]} 72. b7 {[%emt 0:00:14]} 1-0

[Event "SVK Extraliga 2019-20"]
[Site "Slovakia"]
[Date "2019.11.23"]
[Round "3"]
[White "Jurcik, Marian"]
[Black "Fiacan, Robert"]
[Result "1-0"]
[WhiteElo "2482"]
[BlackElo "2254"]
[Annotator "ChessBase"]
[PlyCount "165"]
[EventDate "2019.10.19"]
[EventType "team-tourn"]
[EventCountry "SVK"]
[SourceTitle "playchess.com"]
[Source "ChessBase"]
[SourceQuality "1"]
[WhiteTeam "Zilina"]
[BlackTeam "Snina"]
[TimeControl "40/5400+30:1800+30"]

1. e4 {[%emt 0:00:00]} d5 {[%emt 0:00:00]} 2. exd5 {[%emt 0:00:35]} Qxd5 {[%emt 0:00:03]} 3. Nc3 {[%emt 0:01:13]} Qd6 {[%emt 0:00:08]} 4. d4 {[%emt 0:02:11]} Nf6 {[%emt 0:00:20]} 5. Bc4 {[%emt 0:01:42]} a6 {[%emt 0:07:35]} 6. Nge2 {[%emt 0:03:24]} b5 {[%emt 0:10:17]} 7. Bf4 {[%emt 0:04:49]} Qd7 {[%emt 0:03:05]} 8. Bb3 {[%emt 0:01:33]} Bb7 {[%emt 0:02:31]} 9. d5 {[%emt 0:06:25]} c5 {[%emt 0:11:14]} 10. dxc6 {[%emt 0:02:16]} Qxd1+ {[%emt 0:08:40]} 11. Rxd1 {[%emt 0:03:57]} Nxc6 {[%emt 0:02:06]} 12. Nd5 {[%emt 0:04:52]} Nxd5 {[%emt 0:02:37]} 13. Bxd5 {[%emt 0:00:19]} e6 {[%emt 0:07:25]} 14. Bf3 {[%emt 0:00:41]} Rd8 {[%emt 0:19:20]} 15. O-O {[%emt 0:02:57]} Be7 {[%emt 0:03:57]} 16. Bc7 {[%emt 0:04:13]} Rd7 {[%emt 0:02:01]} 17. Bb6 {[%emt 0:05:53]} Ne5 {[%emt 0:02:21]} 18. Bxb7 {[%emt 0:00:11]} Rxb7 {[%emt 0:00:09]} 19. Bd4 {[%emt 0:00:16]} Bf6 {[%emt 0:01:11]} 20. Ng3 {[%emt 0:03:05]} Rd7 {[%emt 0:10:48]} 21. Bc5 {[%emt 0:13:24]} Be7 {[%emt 0:00:39]} 22. Bd4 {[%emt 0:20:44]} Bf6 {[%emt 0:00:12]} 23. c3 {[%emt 0:00:05]} Nc4 {[%emt 0:02:02]} 24. Bxf6 {[%emt 0:00:34]} gxf6 {[%emt 0:00:24]} 25. b3 {[%emt 0:00:39]} Ne5 {[%emt 0:01:26]} 26. Ne4 {[%emt 0:02:18]} Ke7 {[%emt 0:00:20]} 27. Nc5 {[%emt 0:03:48]} Rc7 {[%emt 0:00:29]} 28. Nxa6 {[%emt 0:00:46]} Rxc3 {[%emt 0:00:12]} 29. Nb4 {[%emt 0:04:21]} Rhc8 {[%emt 0:00:53]} 30. Rfe1 {[%emt 0:01:01]} Rg8 {[%emt 0:01:12]} 31. Re4 {[%emt 0:03:39]} Rd8 {[%emt 0:00:29]} 32. Rde1 {[%emt 0:01:55]} Rd2 {[%emt 0:00:29]} 33. h3 {[%emt 0:00:39]} Nc6 {[%emt 0:00:18]} 34. R4e2 {[%emt 0:01:58]} Rxe2 {[%emt 0:00:34]} 35. Nxc6+ {[%emt 0:00:01]} Rxc6 {[%emt 0:00:16]} 36. Rxe2 {[%emt 0:00:04]} Rc1+ {[%emt 0:00:26]} 37. Kh2 {[%emt 0:00:01]} f5 {[%emt 0:00:48]} 38. Re5 {[%emt 0:01:28]} Ra1 {[%emt 0:01:04]} 39. Rxb5 {[%emt 0:00:16]} Rxa2 {[%emt 0:00:07]} 40. f4 {[%emt 0:01:11]} Rb2 {[%emt 0:00:55]} 41. Rb8 {[%emt 0:03:51]} Kf6 {[%emt 0:04:47]} 42. b4 {[%emt 0:05:04]} Rb3 {[%emt 0:12:18]} 43. b5 {[%emt 0:03:00]} Kg7 {[%emt 0:03:10]} 44. b6 {[%emt 0:02:10]} Rb4 {[%emt 0:02:57]} 45. Kg3 {[%emt 0:01:07]} Rb3+ {[%emt 0:00:42]} 46. Kf2 {[%emt 0:06:59]} Rb2+ {[%emt 0:00:17]} 47. Kf3 {[%emt 0:04:57]} Rb3+ {[%emt 0:02:04]} 48. Ke2 {[%emt 0:00:03]} Rg3 {[%emt 0:00:44]} 49. Kf2 {[%emt 0:02:26]} Rb3 {[%emt 0:00:08]} 50. Ke2 {[%emt 0:02:09]} Rg3 {[%emt 0:01:02]} 51. Kd2 {[%emt 0:03:25]} Rxg2+ {[%emt 0:01:04]} 52. Kc3 {[%emt 0:00:01]} Rg1 {[%emt 0:00:59]} 53. Kc2 {[%emt 0:00:10]} Rg2+ {[%emt 0:00:15]} 54. Kc3 {[%emt 0:00:35]} Rg1 {[%emt 0:00:16]} 55. Kd4 {[%emt 0:00:58]} Kf6 {[%emt 0:02:01]} 56. Re8 {[%emt 0:01:03]} Rb1 {[%emt 0:00:31]} 57. Kc5 {[%emt 0:00:02]} Rc1+ {[%emt 0:01:49]} 58. Kd6 {[%emt 0:00:21]} Rd1+ {[%emt 0:02:13]} 59. Kc7 {[%emt 0:00:01]} Rc1+ {[%emt 0:00:07]} 60. Kd6 {[%emt 0:01:31]} Rd1+ {[%emt 0:00:16]} 61. Kc7 {[%emt 0:00:33]} Rc1+ {[%emt 0:00:18]} 62. Kd7 {[%emt 0:00:33]} Rd1+ {[%emt 0:00:44]} 63. Kc7 {[%emt 0:00:32]} Rc1+ {[%emt 0:00:07]} 64. Kd7 {[%emt 0:00:31]} Rd1+ {[%emt 0:00:07]} 65. Kc8 {[%emt 0:00:26]} Rc1+ {[%emt 0:00:14]} 66. Kb8 {[%emt 0:00:30]} Rf1 {[%emt 0:03:59]} 67. b7 {[%emt 0:00:06]} Rxf4 {[%emt 0:00:23]} 68. Kc7 {[%emt 0:00:01]} Rb4 {[%emt 0:00:29]} 69. b8=Q {[%emt 0:00:09]} Rxb8 {[%emt 0:00:05]} 70. Rxb8 {[%emt 0:00:05]} Ke5 {[%emt 0:00:36]} 71. Rf8 {[%emt 0:01:19]} f6 {[%emt 0:01:11]} 72. Kd7 {[%emt 0:00:02]} f4 {[%emt 0:00:13]} 73. Re8 {[%emt 0:00:20]} f3 {[%emt 0:00:34]} 74. Rxe6+ {[%emt 0:00:06]} Kf4 {[%emt 0:00:17]} 75. Rxf6+ {[%emt 0:00:33]} Kg3 {[%emt 0:00:07]} 76. Ke6 {[%emt 0:00:57]} f2 {[%emt 0:00:24]} 77. h4 {[%emt 0:00:32]} h5 {[%emt 0:00:49]} 78. Ke5 {[%emt 0:01:22]} Kxh4 {[%emt 0:00:26]} 79. Ke4 {[%emt 0:00:52]} Kg3 {[%emt 0:00:24]} 80. Ke3 {[%emt 0:00:09]} h4 {[%emt 0:00:20]} 81. Rg6+ {[%emt 0:00:17]} Kh2 {[%emt 0:00:26]} 82. Kxf2 {[%emt 0:00:18]} h3 {[%emt 0:00:10]} 83. Rh6 {[%emt 0:00:04]} 1-0